00585cam a22001694a 4500020001500000040000800015082002600023100002000049245003400069260004500103300003600148500002000184650002500204856006000229856006700289856005900356 a0471430234 cDLC00a005 WIL 2003 A006 Or.1 aJohnson, Glenn,10aASP.NET in 60 minutes a day / aIndianapolis, Ind. :bWiley Pub.,c2003. axxxii, 772 p. :bill. ;c24 cm. aIncludes index. 0aWeb site development42uhttp://www.loc.gov/catdir/bios/wiley046/2003004074.html42uhttp://www.loc.gov/catdir/description/wiley039/2003004074.html41uhttp://www.loc.gov/catdir/toc/wiley031/2003004074.html